| Tag |
First Indicator |
Second Indicator |
Subfields |
| LEADER |
00000cam a2200000 a 4500 |
| 001 |
in00000960751 |
| 005 |
20150926134100.0 |
| 007 |
hd afv|||baca |
| 008 |
860502r19671642miu a 00000 eng d |
| 035 |
|
|
|a (OCoLC)13519735
|
| 035 |
|
|
|9 AEU1258AM
|
| 037 |
|
|
|a CL0037000007
|b UMI
|
| 037 |
|
|
|b University Microfilms International, 300 N. Zeeb Rd., Ann Arbor, MI 48106
|
| 040 |
|
|
|a EAA
|c EAA
|d m/c
|d UtOrBLW
|
| 049 |
|
|
|a TXAI
|
| 099 |
|
|
|a film
|a B
|a 3609
|
| 100 |
0 |
|
|a Judicious eye witnesse.
|
| 245 |
1 |
4 |
|a The Latest remarkable truths, not before printed, from Chester, Worcester, Devon, Somerset, Yorke and Lanchaster counties, as also from Scotland :
|b containing among other things these, viz. : the Lord Generalls taking of Hereford, a treaty of peace, conditionally concluded upon in York-shire, between the malignant and honest party : the taking prisoners the Earle of Bath, Sir Ralph Sydenham, M. Gifford, Sir Henry Barkley, Sir Henry Pollard, Captain Dyer, and many others of Somerset-shire, together with the High-Sheriffe and his brother : that the commissioners of the generall assembly in Scotland, have chosen both divines and lay-elders, to come to the assembly of England, with their names : together with a most exact relation of the siedge at Manchester, by the Lord Strange and his forces, begun upon Saturday the 24th of Sept. ... : sent up by a speciall post /
|c from a judicious eye witnesse, to a friend of the booksellers in London; shewed to many Parliament worthies, and by them read vvith much affection, vvhich relation agreeth vvith many letters that are newly come to divers citizens.
|
| 264 |
|
3 |
|a London :
|b Printed for Thomas Vnderhill,
|c October 4, 1642.
|
| 300 |
|
|
|a 8 unnumbered pages
|
| 336 |
|
|
|a text
|b txt
|2 rdacontent
|
| 337 |
|
|
|a microform
|b h
|2 rdamedia
|
| 338 |
|
|
|a microfilm reel
|b hd
|2 rdacarrier
|
| 500 |
|
|
|a Reproduction of original in Thomason Collection, British Library.
|
| 510 |
4 |
|
|a Wing
|c L565
|
| 533 |
|
|
|a Microfilm.
|b Ann Arbor, Mich. :
|c University Microfilms,
|d 1967.
|e 1 microfilm reel : 35 mm.
|f (Early English books, 1641-1700 ; 265:E.240, no. 23)
|
| 500 |
|
|
|a Microform.
|
| 600 |
1 |
0 |
|a Derby, James Stanley,
|c Earl of,
|d 1607-1651.
|
| 651 |
|
0 |
|a Great Britain
|x History
|y Civil War, 1642-1649
|x Sources.
|
| 651 |
|
0 |
|a Manchester (England)
|x History, Military.
|
| 830 |
|
0 |
|a Early English books, 1641-1700 ;
|v 265:E.240, no. 23.
|
| 999 |
|
|
|a MARS
|
| 999 |
f |
f |
|s c7909654-1283-3869-ac6f-256f7efdf863
|i 83586c9b-189d-3edb-8b25-650357bbb5e8
|t 0
|
| 952 |
f |
f |
|p default
|a Texas A&M University
|b College Station
|c Sterling C. Evans Library
|d Evans: Microforms (3rd floor)
|t 0
|e film B 3609 265:E.240 no. 23
|h Other scheme
|i microform -- microfilm reel
|
| 998 |
f |
f |
|a film B 3609 265:E.240 no. 23
|t 0
|l Evans: Microforms (3rd floor)
|